MARC
| LEADER | 000000000a22000000004500 | ||
|---|---|---|---|
| 001 | 001172 | ||
| 008 | 170623s1963 pr ||||| |||| 00| f spa d | ||
| 041 | 0 | |a español | |
| 082 | |a PR863.4 |b M357c14 | ||
| 100 | 1 | |a Marqués, René | |
| 245 | 1 | 3 | |a La carreta: |b drama en tres actos / |c René Marqués |
| 250 | |a 14. edición | ||
| 260 | |a Puerto Rico: |b Cultural, |c 1963 | ||
| 300 | |a xxxi, 172 páginas | ||
| 500 | |a Número de inscripción 10129 (Colección George Yúdice) | ||
| 650 | 4 | |a LITERATURA PUERTORRIQUEÑA |v NOVELA | |
| 942 | |2 ddc |c BK | ||
| 999 | |c 2255 |d 2255 | ||
